| 000 | 00603nam a2200193Ia 4500 | ||
|---|---|---|---|
| 999 |
_c1383 _d1383 |
||
| 020 | _a969-461-002-8 | ||
| 082 | _a304.6 COA-; | ||
| 100 | _aCoale, Ansley J. | ||
| 245 | 0 | _aLectures on population and development | |
| 260 |
_aIslamabad _bPakistan Institute of Development Econom _c1990 |
||
| 300 | _a123p. | ||
| 440 | _aLectures in development economics; 8 | ||
| 650 | _aLectures and lecturing | ||
| 650 | _aPopulation - Developing countries | ||
| 650 | _aDeveloping countries - Economic policy | ||
| 650 | _aEconomic development - Sociological aspects | ||
| 700 | _aNaqvi, Haider | ||
| 942 | _cBK | ||